000 01096pam a2200301 a 4500
001 1123753
003 ARRUPE
005 20141112020008.0
008 940331s1994 ilua b 001 0 eng
010 _a 94011205
020 _a0812691970
020 _a0812691989 (pbk.)
040 _aDLC
_cDLC
_dDLC
050 0 0 _aQ175
_b.M629 1994
082 0 0 _a501
_220
100 1 _aMiller, David
_q(David W.)
_912535
245 1 0 _aCritical rationalism :
_ba restatement and defence /
_cDavid Miller.
260 _aChicago :
_bOpen Court,
_cc1994.
300 _axiii, 264 p. :
_bill. ;
_c24 cm.
504 _aIncludes bibliographical references (p. [233]-252) and index.
600 1 0 _aPopper, Karl R.
_q(Karl Raimund),
_d1902-1994.
_tLogik der Forschung.
_912536
650 0 _aScience
_xPhilosophy.
_912537
650 0 _aRationalism.
_985
650 0 _aInduction (Logic)
_92839
906 _a7
_bcbc
_corignew
_d1
_eocip
_f19
_gy-gencatlg
942 _2lcc
_cMONOGRAPH
_01
999 _c121216
_d121216